000 00541nam a2200169 i 4500
001 96519
003 ES-MaACL
005 20230906181928.0
007 t|
008 050627s1973 sp ||||1| spa d
100 1 _aMalkiel-Jirmounsky, Myron.
_975786
245 1 3 _aEl arte y la vida del espíritu /
_cMyron Malkiel-Jirmounsky; versión Jaime de Echanove y Guzmán.
260 _aMadrid :
_bPrensa Española,
_c1973.
300 _a255 p. ;
_c21 cm.
700 1 _aEchanove y Guzmán, Jaime de.
_946494
852 _aES-MaACL
_jC-52422
_bR.85854
999 _c96519
_d96519